00418nam a2200145Ia 450000500170000000800410001702000150005808200160007310000230008924500800011226000460019230000120023865000120025065000100026220240919031259.0240331s9999 xx 000 0 und d a9559065009 bGOOa709.24 aGoonetileke, H.A.I 0aGeorge Keyt :ba ife in art-wit a bio bibliography of the artist, 1923-1988 aColombobThe George Keyt Foundationc1989 a41 p ., aHistory aWomen